| 000 | 00880cam a22001814a 4500 | ||
|---|---|---|---|
| 005 | 20250605164403.0 | ||
| 008 | 250528s ||||||||||||||||||||||||d | ||
| 035 | _a24665 | ||
| 040 |
_aGR-AtMCL _bgre _dGR-AtMCL _eAACR2 |
||
| 245 | 1 | _aΤο Διπλό Μήνυμα της Europ Assistance: Νέες Υπηρεσίες στην Υγεία, Επενδύσεις στην Τεχνολογία | |
| 260 |
_bMorax Media S.A, _c2021 |
||
| 300 | _a72 | ||
| 520 | _aΣε Επανεκκίνηση η Ιδιωτική Ασφάλιση, Ασφαλιστική Αγορά: Τι Άφησε το 2020 και τι θα Φέρει το 2021, Η Παραγωγή στη Δεκαετία 2010-2019, Ποιό Είναι το Εμβόλιο της Ασφάλειας. | ||
| 700 | 1 |
_aΜωράκης Φίλιππος _99500 |
|
| 942 | _cCR | ||
| 999 |
_c9532 _d9532 |
||